What everyone should know bout economics and prosperity
সংরক্ষণ করুন:
| প্রধান লেখক: | |
|---|---|
| বিন্যাস: | গ্রন্থ |
| ভাষা: | Undetermined |
| প্রকাশিত: |
Tallahassee, Florida
The James Madison Institute
1993
|
| বিষয়গুলি: | |
| ট্যাগগুলো: |
ট্যাগ যুক্ত করুন
কোনো ট্যাগ নেই, প্রথমজন হিসাবে ট্যাগ করুন!
|
| Thư viện lưu trữ: | Trung tâm Học liệu Trường Đại học Cần Thơ |
|---|
| LEADER | 00580nam a2200193Ia 4500 | ||
|---|---|---|---|
| 001 | CTU_42815 | ||
| 008 | 210402s9999 xx 000 0 und d | ||
| 082 | |a 330.9 | ||
| 082 | |b G994 | ||
| 100 | |a Gwartney, James D. | ||
| 245 | 0 | |a What everyone should know bout economics and prosperity | |
| 245 | 0 | |c James D. Gwartney, Richard L. Stroup | |
| 260 | |a Tallahassee, Florida | ||
| 260 | |b The James Madison Institute | ||
| 260 | |c 1993 | ||
| 650 | |a Developing countries | ||
| 650 | |x Economic aspects | ||
| 904 | |i Minh | ||
| 980 | |a Trung tâm Học liệu Trường Đại học Cần Thơ | ||